International child law / (Record no. 21997)
[ view plain ]
| 000 -LEADER | |
|---|---|
| fixed length control field | 01527cam a22002895a 4500 |
| 001 - CONTROL NUMBER | |
| control field | 16094246 |
| 005 - DATE AND TIME OF LATEST TRANSACTION | |
| control field | 20160726130843.0 |
| 008 - FIXED-LENGTH DATA ELEMENTS--GENERAL INFORMATION | |
| fixed length control field | 100217s2011 enka frb 001 0 eng d |
| 020 ## - INTERNATIONAL STANDARD BOOK NUMBER | |
| International Standard Book Number | 041548717X (pbk) |
| 020 ## - INTERNATIONAL STANDARD BOOK NUMBER | |
| International Standard Book Number | 9780415487177 (pbk) |
| 040 ## - CATALOGING SOURCE | |
| Original cataloging agency | DLC |
| Language of cataloging | eng |
| Transcribing agency | DLC |
| Modifying agency | EG-ScBUE |
| 082 04 - DEWEY DECIMAL CLASSIFICATION NUMBER | |
| Edition number | 22 |
| Classification number | 346.0135 |
| Item number | INT |
| 245 00 - TITLE STATEMENT | |
| Title | International child law / |
| Statement of responsibility, etc | Trevor Buck ... [et al.] |
| 250 ## - EDITION STATEMENT | |
| Edition statement | 2nd ed. |
| 260 ## - PUBLICATION, DISTRIBUTION, ETC. (IMPRINT) | |
| Place of publication, distribution, etc | Oxford ; |
| -- | New York : |
| Name of publisher, distributor, etc | Routledge / Taylor & Francis Group, |
| Date of publication, distribution, etc | 2011. |
| 300 ## - PHYSICAL DESCRIPTION | |
| Extent | xvii, 358 p. : |
| Other physical details | ill. ; |
| Dimensions | 24 cm. |
| 500 ## - GENERAL NOTE | |
| General note | Index : p. [353]-358. |
| 504 ## - BIBLIOGRAPHY, ETC. NOTE | |
| Bibliography, etc | Bibliography : p. [331]-352. |
| 505 0# - FORMATTED CONTENTS NOTE | |
| Formatted contents note | Childhood and children's rights -- Introduction to international law sources and institutions -- The United Nations Convention on the Rights of the Child -- Child labour -- International parental child abduction -- Intercountry adoption -- Sexual exploitation -- Children and armed conflict -- Indigenous children. |
| 520 ## - SUMMARY, ETC. | |
| Summary, etc | Examines and discusses the international legal framework and issues relating to children at both a global and regional level. Analysing both public and private international legal aspects, this cross-disciplinary text promotes an understanding of the development of child law and the protection of the child. |
| 650 #7 - SUBJECT ADDED ENTRY--TOPICAL TERM | |
| Topical term or geographic name as entry element | Children (International law). |
| Source of heading or term | BUEsh |
| 9 (RLIN) | 40381 |
| 650 #7 - SUBJECT ADDED ENTRY--TOPICAL TERM | |
| Topical term or geographic name as entry element | Children |
| Source of heading or term | BUEsh |
| 9 (RLIN) | 40382 |
| General subdivision | Legal status, laws, etc. |
| 651 ## - SUBJECT ADDED ENTRY--GEOGRAPHIC NAME | |
| Source of heading or term | BUEsh |
| 653 ## - INDEX TERM--UNCONTROLLED | |
| Resource For college | Law |
| Arrived date list | July2016 |
| 700 1# - ADDED ENTRY--PERSONAL NAME | |
| Personal name | Buck, Trevor, |
| Dates associated with a name | 1951- |
| 9 (RLIN) | 40436 |
| 942 ## - ADDED ENTRY ELEMENTS (KOHA) | |
| Source of classification or shelving scheme | Dewey Decimal Classification |
| Edition | 22 |
| Call number prefix | 346.0135 INT |
| Withdrawn status | Item status | Source of classification or shelving scheme | Damaged status | Not for loan | Vendor | Home library | Current library | Shelving location | Date acquired | Source of acquisition | Cost, normal purchase price | Serial Enumeration / chronology | Total Checkouts | Total Renewals | Full call number | Barcode | Date last seen | Date last borrowed | Cost, replacement price | Koha item type |
|---|---|---|---|---|---|---|---|---|---|---|---|---|---|---|---|---|---|---|---|---|
| Dewey Decimal Classification | Baccah | Central Library | Central Library | First floor | 21/07/2016 | Purchase | 468.00 | 26080 | 5 | 5 | 346.0135 INT | 000032975 | 15/07/2025 | 15/04/2024 | 585.00 | Book - Borrowing | ||||
| Dewey Decimal Classification | Central Library | Central Library | First floor | 24/07/2016 | Purchase | 468.00 | 26080 | 3 | 346.0135 INT | 000032935 | 15/07/2025 | 15/04/2024 | 585.00 | Book - Borrowing |